[Event "Rated Blitz game"]
[Site "?"]
[Date "2021.02.17"]
[Round "?"]
[White "RomChartres"]
[Black "TajiriWWE"]
[Result "1/2-1/2"]
[WhiteElo "2463"]
[BlackElo "2455"]
[PlyCount "141"]
[EventDate "2021.??.??"]
[EventType "blitz"]

1. e4 e5 2. Nf3 d5 3. d4 dxe4 4. Nxe5 Bd6 5. Nc4 Nf6 6. Nc3 O-O 7. Bg5 Nc6 8.
d5 Ne5 9. Ne3 h6 10. Bh4 g5 11. Bg3 Qe7 12. h4 g4 13. h5 Kg7 14. Qd4 Bd7 15.
Nxe4 Nxe4 16. Qxe4 f5 17. Qd4 f4 18. Bh4 Qf7 19. Nc4 Rae8 20. O-O-O b5 21. Nxd6
cxd6 22. Bd3 Bf5 23. Bxb5 Rb8 24. a4 Qb7 25. Rhe1 a6 26. Rxe5 dxe5 27. Qxe5+
Kh7 28. Bc4 Rbc8 29. b3 Rce8 30. Qd4 Qb4 31. d6 Re4 32. Qa7+ Kh8 33. Qe7 Rxe7
34. dxe7 Re8 35. Rd8 Qe1+ 36. Kb2 Qe5+ 37. Ka3 Bd7 38. Rxd7 Qc5+ 39. Kb2 Qe5+
40. c3 Kg7 41. Bxa6 Qe6 42. Bb5 f3 43. gxf3 gxf3 44. Bg3 Rc8 45. Rd8 Qxe7 46.
Rxc8 Qe6 47. Rc4 Qe2+ 48. Ka3 Qd1 49. Kb4 Qd6+ 50. Rc5 Qe6 51. Bc4 Qe2 52. Rb5
Qe1 53. a5 Qd1 54. a6 Qa1 55. Rb7+ Kf6 56. a7 Kf5 57. Bh4 Kg4 58. Be7 Kh3 59.
Bc5 Kg2 60. Rb8 Qxa7 61. Bxa7 Kg1 62. Rg8+ Kh1 63. Rg6 Kh2 64. Bd5 Kh1 65. Bc5
Kh2 66. Bd4 Kh3 67. Be5 Kh4 68. Kc5 Kh3 69. Be6+ Kh4 70. Bf6+ Kxh5 71. Rg7 {
Normal} 1/2-1/2

[Event "Rated Blitz game"]
[Site "?"]
[Date "2021.02.17"]
[Round "?"]
[White "wxcvbn123"]
[Black "Blind2250"]
[Result "1-0"]
[WhiteElo "2403"]
[BlackElo "2379"]
[PlyCount "127"]
[EventDate "2021.??.??"]
[EventType "blitz"]

1. e4 e5 2. Nf3 d5 3. exd5 e4 4. Qe2 Qe7 5. Ng1 Nf6 6. Nc3 Bf5 7. d3 exd3 8.
Qxe7+ Bxe7 9. Bxd3 Bxd3 10. cxd3 Nbd7 11. Bg5 Nb6 12. Bxf6 Bxf6 13. Nge2 O-O-O
14. O-O-O Nxd5 15. Nxd5 Rxd5 16. Nc3 Rd7 17. Rhe1 Rhd8 18. Kc2 b6 19. Re2 Kb7
20. g4 g6 21. h3 a6 22. f3 b5 23. a3 Kb6 24. Ne4 Bd4 25. Nc3 a5 26. Re4 a4 27.
Ne2 Bg7 28. Nc1 c5 29. Rde1 Bf6 30. f4 Rd4 31. Rxd4 Rxd4 32. Ne2 Rd7 33. Nc3
Bd4 34. Re8 Rb7 35. Nd5+ Kc6 36. Nc3 Kd7 37. Re4 Kc6 38. Re8 b4 39. axb4 cxb4
40. Nxa4 b3+ 41. Kd2 Kd7 42. Ra8 f5 43. gxf5 gxf5 44. Ra5 Bg7 45. Nc5+ Kc6 46.
Nxb7 Kxb7 47. Rb5+ Kc6 48. Rxb3 Bh6 49. Rb4 Kc5 50. Rc4+ Kd5 51. Kc2 Bg7 52. b4
Bd4 53. b5 Bb6 54. Rc6 Bc5 55. Rf6 Bd4 56. Rxf5+ Kd6 57. Rh5 Ke7 58. Rxh7+ Kf6
59. Rh5 Bc5 60. Rg5 Bb6 61. Rh5 Kf7 62. Rh6 Bc5 63. Rc6 Kg7 64. b6 {Time
forfeit} 1-0

[Event "Rated Blitz game"]
[Site "?"]
[Date "2021.02.17"]
[Round "?"]
[White "hima_saber80"]
[Black "TajiriWWE"]
[Result "1-0"]
[WhiteElo "2400"]
[BlackElo "2422"]
[PlyCount "93"]
[EventDate "2021.??.??"]
[EventType "blitz"]

1. e4 e5 2. Nf3 d5 3. exd5 e4 4. Nd4 Qxd5 5. Ne2 Nf6 6. Ng3 Nc6 7. Nc3 Qe5 8.
Bb5 Bd6 9. Qe2 Bg4 10. Qc4 O-O 11. Bxc6 bxc6 12. O-O Be6 13. Qxc6 Bd5 14. Nxd5
Nxd5 15. Qc4 f5 16. d4 Qe6 17. Ne2 f4 18. Nc3 c6 19. Re1 f3 20. g3 Qh3 21. Qf1
Qxf1+ 22. Kxf1 Nxc3 23. bxc3 Rfe8 24. Rb1 Rab8 25. Rb3 Rxb3 26. axb3 h6 27. Be3
a5 28. Ra1 Ra8 29. c4 Bb4 30. d5 cxd5 31. cxd5 Rd8 32. c4 Kf7 33. Bb6 Bc3 34.
Bxd8 Bxa1 35. Bxa5 Bd4 36. Bd2 g5 37. Be3 Bxe3 38. fxe3 Ke7 39. c5 Kd7 40. b4
h5 41. b5 Kc7 42. h3 g4 43. h4 Kd7 44. d6 Kc8 45. c6 Kd8 46. b6 Kc8 47. c7 {
Normal} 1-0

[Event "Rated Blitz game"]
[Site "?"]
[Date "2021.02.17"]
[Round "?"]
[White "lecitronvert"]
[Black "TajiriWWE"]
[Result "0-1"]
[WhiteElo "2491"]
[BlackElo "2469"]
[PlyCount "102"]
[EventDate "2021.??.??"]
[EventType "blitz"]

1. e4 e5 2. Nf3 d5 3. Nxe5 Bd6 4. d4 dxe4 5. Nc4 Nf6 6. Be2 Nc6 7. Nxd6+ Qxd6
8. c3 O-O 9. Nd2 Re8 10. Nc4 Qe6 11. Ne3 Rd8 12. Qb3 Qe7 13. O-O b6 14. Bb5 Be6
15. Qc2 Qd6 16. Rd1 Ne7 17. Be2 c5 18. dxc5 Qxc5 19. Bd2 Ned5 20. Nxd5 Bxd5 21.
Be3 Qc7 22. c4 Bb7 23. Rxd8+ Rxd8 24. Rd1 Rxd1+ 25. Qxd1 Qd7 26. Qxd7 Nxd7 27.
b4 Kf8 28. c5 bxc5 29. bxc5 Bc6 30. Bc4 f5 31. Be6 g6 32. Kf1 Ke7 33. Bg8 Nf6
34. Bc4 Bd5 35. Bxd5 Nxd5 36. Bd4 Kd7 37. Ke2 Kc6 38. a4 a6 39. Kd2 Nc7 40. Kc3
Ne6 41. Kc4 g5 42. Bf6 h5 43. Be7 f4 44. Bd6 g4 45. Kc3 f3 46. gxf3 exf3 47.
Kc4 h4 48. a5 Ng5 49. Be7 g3 50. hxg3 hxg3 51. Bxg5 gxf2 {Normal} 0-1

[Event "Rated Blitz game"]
[Site "?"]
[Date "2021.02.17"]
[Round "?"]
[White "Krestoman"]
[Black "Fantastic_power06"]
[Result "1-0"]
[WhiteElo "2522"]
[BlackElo "2609"]
[PlyCount "87"]
[EventDate "2021.??.??"]
[EventType "blitz"]

1. e4 e5 2. Nf3 d5 3. exd5 e4 4. Ng1 Qxd5 5. d3 Nf6 6. Nc3 Bb4 7. Bd2 Qe5 8.
Qe2 Nc6 9. Nxe4 O-O 10. O-O-O Nd4 11. Qe3 Bxd2+ 12. Nxd2 Qd6 13. Nc4 Qd8 14.
Nf3 c5 15. Nxd4 cxd4 16. Qg3 b5 17. Ne5 Be6 18. a3 Rc8 19. Be2 a5 20. Bf3 b4
21. Nc6 Qd7 22. axb4 axb4 23. Nxb4 Rc7 24. Kd2 Rfc8 25. Rhf1 Qb5 26. Qd6 Rd7
27. Bc6 Rxd6 28. Bxb5 Rb8 29. Ra1 Rdb6 30. Nc6 Rxb5 31. Nxb8 Rxb8 32. b3 Nd5
33. Ra4 Nb4 34. Rfa1 Bd5 35. f3 g6 36. Ra5 Kg7 37. R1a4 Bc6 38. Ra3 Bd7 39. Rc5
Be6 40. Ra7 Nd5 41. Rc6 Ne3 42. Rxe6 Nf1+ 43. Ke1 Rc8 44. Kxf1 {Time forfeit}
1-0

[Event "Rated Blitz game"]
[Site "?"]
[Date "2021.02.17"]
[Round "?"]
[White "NEKI_NOVI_KLINAC"]
[Black "gmluke"]
[Result "0-1"]
[WhiteElo "2463"]
[BlackElo "2600"]
[PlyCount "28"]
[EventDate "2021.??.??"]
[EventType "blitz"]

1. e4 e5 2. Nf3 d5 3. Nc3 dxe4 4. Nxe4 f5 5. Nc3 e4 6. Ne2 exf3 7. gxf3 Nf6 8.
d3 Nc6 9. Be3 Nd5 10. Qd2 Nxe3 11. fxe3 Qh4+ 12. Ng3 f4 13. exf4 Bd6 14. O-O-O
Bxf4 {Normal} 0-1

[Event "Rated Blitz game"]
[Site "?"]
[Date "2021.02.17"]
[Round "?"]
[White "joseag1303"]
[Black "Blind2250"]
[Result "1-0"]
[WhiteElo "2369"]
[BlackElo "2404"]
[PlyCount "147"]
[EventDate "2021.??.??"]
[EventType "blitz"]

1. e4 e5 2. Nf3 d5 3. Nxe5 Bd6 4. d4 dxe4 5. Nc4 Nf6 6. Bg5 O-O 7. Ne3 Nc6 8.
Be2 Re8 9. a3 h6 10. Bh4 Be7 11. d5 Nxd5 12. Qxd5 Bxh4 13. Nc3 Nd4 14. Qxd8
Bxd8 15. Bc4 c6 16. O-O Be6 17. Bxe6 Rxe6 18. Rfd1 Bf6 19. Kf1 Rd8 20. Rd2 Rde8
21. Rad1 c5 22. b4 b6 23. Ncd5 Bg5 24. Nc7 R6e7 25. Nxe8 Rxe8 26. c3 Bxe3 27.
fxe3 Nf5 28. Ke2 Kh7 29. bxc5 bxc5 30. Rd5 Nh4 31. Rxc5 Nxg2 32. Rc7 f5 33. Rg1
f4 34. Rxg2 f3+ 35. Kf2 fxg2 36. Kxg2 Rf8 37. Rxa7 Rf3 38. Rc7 Rxe3 39. a4 Re2+
40. Kg3 Ra2 41. Rc4 e3 42. Kf3 e2 43. Re4 Rxa4 44. Rxe2 Rc4 45. Rc2 Kg6 46. Ke3
Kf6 47. Kd3 Rh4 48. c4 Ke6 49. c5 Kd7 50. Ra2 Kc6 51. Rc2 Rh3+ 52. Ke4 g5 53.
Kf5 Rh4 54. Kg6 g4 55. Kf5 h5 56. Kg5 Rh3 57. Kf4 Rf3+ 58. Kg5 Rh3 59. Kf5 g3
60. hxg3 Rxg3 61. Kf4 Rb3 62. Kf5 Rb5 63. Kg6 Rxc5 64. Rh2 Rd5 65. Rh3 Rd6+ 66.
Kxh5 Rd5+ 67. Kg4 Rd4+ 68. Kf5 Rd5+ 69. Ke4 Rc5 70. Kd4 Rc4+ 71. Kxc4 Kd6 72.
Rh6+ Ke5 73. Kc5 Kf4 74. Kc6 {Time forfeit} 1-0

[Event "Rated Rapid tournament ndK2GtCG"]
[Site "?"]
[Date "2021.02.17"]
[Round "?"]
[White "AlexS1993"]
[Black "shach"]
[Result "1-0"]
[WhiteElo "2660"]
[BlackElo "2217"]
[PlyCount "95"]
[EventDate "2021.??.??"]
[EventType "rapid"]

1. e4 e5 2. Nf3 d5 3. d3 dxe4 4. dxe4 Qxd1+ 5. Kxd1 Bg4 6. Be3 Nc6 7. Nbd2
O-O-O 8. c3 Nf6 9. Kc2 Bxf3 10. gxf3 a6 11. a4 Be7 12. Bc4 Rhf8 13. a5 Nd7 14.
Rhg1 Bf6 15. b4 Ne7 16. Nb3 Ng6 17. b5 axb5 18. Bxb5 Be7 19. a6 bxa6 20. Rxa6
Nb6 21. Rga1 Nf4 22. Bc6 Rd2+ 23. Nxd2 Ba3 24. R1xa3 Kd8 25. Ra8+ Nxa8 26. Bc5
Nb6 27. Bxf8 Ne6 28. Bb4 g6 29. Bd5 Nxd5 30. exd5 Nf4 31. c4 f5 32. Bc5 Kd7 33.
Ra7 Kd8 34. Be3 Nh5 35. Bg5+ Kc8 36. c5 Ng7 37. c6 Kb8 38. Rb7+ Ka8 39. Nb3 Ne8
40. Be7 h6 41. Nc5 g5 42. Na6 e4 43. Nxc7+ Nxc7 44. Rxc7 exf3 45. d6 Kb8 46.
Rb7+ Ka8 47. d7 g4 48. d8=Q# {Normal} 1-0

[Event "Rated Blitz game"]
[Site "?"]
[Date "2021.02.17"]
[Round "?"]
[White "kirill_kopyonkin"]
[Black "Monkey_King"]
[Result "1-0"]
[WhiteElo "2575"]
[BlackElo "2588"]
[PlyCount "55"]
[EventDate "2021.??.??"]
[EventType "blitz"]

1. e4 e5 2. Nf3 d5 3. exd5 e4 4. Qe2 Nf6 5. Nc3 Be7 6. Nxe4 O-O 7. Nxf6+ Bxf6
8. d4 Bg4 9. c4 Bxd4 10. Be3 Re8 11. O-O-O Bf6 12. Qc2 a6 13. Bd3 b5 14. Bxh7+
Kh8 15. Bf5 Bxf3 16. gxf3 bxc4 17. Qxc4 g6 18. Be4 Nd7 19. d6 Ne5 20. Qf1 cxd6
21. Bxa8 Qxa8 22. Qh3+ Kg8 23. Rxd6 Bg7 24. Rhd1 Nc4 25. R6d4 Qc6 26. Qd7 Re6
27. Qd8+ Kh7 28. Rh4+ {Normal} 1-0

[Event "Rated Blitz tournament Yj4ifOFp"]
[Site "?"]
[Date "2021.02.17"]
[Round "?"]
[White "williamvalas"]
[Black "adamak123"]
[Result "1-0"]
[WhiteElo "2435"]
[BlackElo "2381"]
[PlyCount "131"]
[EventDate "2021.??.??"]
[EventType "blitz"]

1. e4 e5 2. Nf3 d5 3. Nxe5 dxe4 4. d4 Nd7 5. Qh5 Nxe5 6. Qxe5+ Qe7 7. Qg3 Nf6
8. Bc4 Bf5 9. O-O O-O-O 10. c3 h5 11. Bg5 g6 12. Qh4 Bg7 13. Nd2 Rd6 14. Rfe1
Qd7 15. Bb3 Re8 16. Nc4 Nh7 17. Nxd6+ cxd6 18. f3 exf3 19. gxf3 Nxg5 20. Qxg5
f6 21. Qd2 Bh3 22. Rxe8+ Qxe8 23. Re1 Qd7 24. Qe3 Bf5 25. Qe8+ Qxe8 26. Rxe8+
Kd7 27. Rg8 Bh6 28. Bf7 Bc1 29. Bxg6 Be6 30. Rg7+ Kc8 31. b3 Bb2 32. Bxh5 Bxc3
33. Bg4 Bxd4+ 34. Kg2 f5 35. Re7 Bd7 36. Bh3 Kd8 37. Rh7 Be3 38. Rh5 f4 39.
Rh8+ Kc7 40. Rh7 Kc6 41. Bxd7+ Kc5 42. h4 b5 43. h5 Kb4 44. h6 a5 45. Rf7 Ka3
46. h7 Bd4 47. Bxb5 Kb2 48. Ba4 Ka3 49. Rf8 Be5 50. h8=Q Bxh8 51. Rxh8 d5 52.
Rd8 d4 53. Rxd4 Kxa2 54. Rxf4 Ka3 55. Re4 Ka2 56. f4 Ka3 57. Kf3 Ka2 58. f5 Kb2
59. f6 Kc3 60. f7 Kb2 61. f8=Q Ka2 62. Qe7 Kb2 63. Qe6 Ka3 64. Qe5 Ka2 65. Re2+
Ka3 66. Qc5# {Normal} 1-0

[Event "Rated Blitz game"]
[Site "?"]
[Date "2021.02.17"]
[Round "?"]
[White "Korkmaz16"]
[Black "Schachelite"]
[Result "1-0"]
[WhiteElo "2423"]
[BlackElo "2422"]
[PlyCount "105"]
[EventDate "2021.??.??"]
[EventType "blitz"]

1. e4 e5 2. Nf3 d5 3. Nxe5 Bd6 4. d4 dxe4 5. Nc4 Nf6 6. Nc3 O-O 7. Be2 Nc6 8.
Be3 a6 9. O-O b5 10. Nxd6 Qxd6 11. h3 Rd8 12. d5 Nxd5 13. Nxd5 Qxd5 14. Qc1 Nd4
15. Bxd4 Qxd4 16. Rd1 Qf6 17. Rxd8+ Qxd8 18. Qe3 Bb7 19. Rd1 Qe7 20. Bg4 Rd8
21. Rxd8+ Qxd8 22. Qa7 Qa8 23. Qc5 Qb8 24. Qe5 g6 25. Be2 Qd8 26. c4 b4 27. c5
a5 28. Bc4 Qd7 29. h4 h5 30. Qg5 Kg7 31. Qe5+ Kh7 32. Qf6 Bd5 33. Bxd5 Qxd5 34.
b3 Kg8 35. Qe7 c6 36. g3 Kg7 37. Kh2 Qe6 38. Qg5 Qf5 39. Qe3 Qf6 40. Kg2 Qe6
41. Qd4+ Kh7 42. Kf1 Kg8 43. Ke2 Kf8 44. Ke3 f5 45. Qh8+ Ke7 46. Qg7+ Kd8 47.
Qf8+ Kc7 48. Qg7+ Kb8 49. Qd4 Kb7 50. Kf4 Ka6 51. Kg5 Kb5 52. Kh6 Qe7 53. Qc4#
{Normal} 1-0

[Event "Rated Blitz game"]
[Site "?"]
[Date "2021.02.17"]
[Round "?"]
[White "lareinedesneiges"]
[Black "Chesspirate_Channel"]
[Result "0-1"]
[WhiteElo "2518"]
[BlackElo "2362"]
[PlyCount "40"]
[EventDate "2021.??.??"]
[EventType "blitz"]

1. e4 e5 2. Nf3 d5 3. d4 dxe4 4. Nxe5 Bd6 5. Qh5 Qe7 6. Bc4 Bxe5 7. Qxe5 Qxe5
8. dxe5 Nc6 9. Bf4 Bg4 10. h3 Bh5 11. g4 Bg6 12. Nc3 O-O-O 13. Rd1 Nge7 14. O-O
Nd4 15. Bb3 h5 16. Kg2 hxg4 17. hxg4 Rh4 18. Kg3 Rdh8 19. Bg5 Nef5+ 20. gxf5
Nxf5+ {Normal} 0-1

[Event "Rated Blitz game"]
[Site "?"]
[Date "2021.02.17"]
[Round "?"]
[White "Alejandropacheco29"]
[Black "Chesspirate_Channel"]
[Result "0-1"]
[WhiteElo "2413"]
[BlackElo "2401"]
[PlyCount "32"]
[EventDate "2021.??.??"]
[EventType "blitz"]

1. e4 e5 2. Nf3 d5 3. exd5 e4 4. Qe2 Nf6 5. d3 Be7 6. dxe4 O-O 7. Nc3 Re8 8.
Bg5 h6 9. Bh4 g5 10. Bg3 Bb4 11. Nd2 c6 12. dxc6 Nxc6 13. Qc4 Be6 14. Qd3 Qa5
15. Nc4 Bxc4 16. Qxc4 Rxe4+ {Normal} 0-1

[Event "Rated Blitz game"]
[Site "?"]
[Date "2021.02.17"]
[Round "?"]
[White "pollovsky"]
[Black "TajiriWWE"]
[Result "0-1"]
[WhiteElo "2404"]
[BlackElo "2417"]
[PlyCount "88"]
[EventDate "2021.??.??"]
[EventType "blitz"]

1. e4 e5 2. Nf3 d5 3. d3 dxe4 4. dxe4 Qxd1+ 5. Kxd1 Bg4 6. Be3 Nc6 7. Nbd2
O-O-O 8. c3 Nf6 9. Kc2 Bh5 10. Bb5 Bg6 11. Bxc6 bxc6 12. Nxe5 Bd6 13. Nxg6 hxg6
14. h3 Rhe8 15. f3 c5 16. Rhd1 Kb7 17. Nc4 Be7 18. a4 Nh5 19. Rxd8 Rxd8 20. Ne5
Rf8 21. Rd1 Nf6 22. Nd3 Kc6 23. Kb3 Rb8+ 24. Kc4 Nd7 25. a5 Rb5 26. b4 a6 27.
Bf4 g5 28. Bg3 f6 29. e5 f5 30. f4 gxf4 31. Bxf4 g5 32. Bh2 f4 33. h4 gxh4 34.
Bxf4 Nf8 35. Be3 Ne6 36. Rh1 cxb4 37. cxb4 Rd5 38. Rc1 Rb5 39. Nb2 Kd7 40. Bd2
c5 41. Nd3 cxb4 42. Bxb4 Bxb4 43. Nxb4 Rc5+ 44. Kb3 Rxc1 {Normal} 0-1

[Event "Rated Blitz game"]
[Site "?"]
[Date "2021.02.17"]
[Round "?"]
[White "Dabar1"]
[Black "TajiriWWE"]
[Result "0-1"]
[WhiteElo "2436"]
[BlackElo "2466"]
[PlyCount "64"]
[EventDate "2021.??.??"]
[EventType "blitz"]

1. e4 e5 2. Nf3 d5 3. exd5 e4 4. Nd4 Qxd5 5. Nb5 Na6 6. N1c3 Qe5 7. d4 exd3+ 8.
Be3 dxc2 9. Qxc2 Nf6 10. O-O-O Be7 11. Bd4 Qg5+ 12. Be3 Qe5 13. Qd2 O-O 14. Bd4
Qh5 15. f3 c6 16. g4 Nxg4 17. fxg4 Bxg4 18. Rg1 cxb5 19. h3 Bg5 20. Rxg4 Bxd2+
21. Rxd2 f6 22. Bxb5 Rac8 23. Rdg2 Qxb5 24. Rxg7+ Kh8 25. Rg8+ Rxg8 26. Bxf6+
Rg7 27. Rxg7 Qf1+ 28. Kc2 Qxf6 29. Rxb7 Qf2+ 30. Kb1 Qg1+ 31. Kc2 Qg2+ 32. Kc1
Qxb7 {Normal} 0-1

[Event "Rated Blitz game"]
[Site "?"]
[Date "2021.02.17"]
[Round "?"]
[White "Frepo"]
[Black "jflup"]
[Result "0-1"]
[WhiteElo "2432"]
[BlackElo "2406"]
[PlyCount "72"]
[EventDate "2021.??.??"]
[EventType "blitz"]

1. e4 e5 2. Nf3 d5 3. Nxe5 Bd6 4. d4 dxe4 5. Nc4 Be7 6. Nc3 Nf6 7. Be2 O-O 8.
Bf4 Nc6 9. d5 Nb4 10. Ne3 Bc5 11. Bc4 c6 12. dxc6 bxc6 13. a3 Qxd1+ 14. Ncxd1
Nbd5 15. Bg5 h6 16. Bxf6 Nxf6 17. O-O Rd8 18. h3 Rd2 19. Bb3 a5 20. Ba4 Ba6 21.
Re1 Bb5 22. Bb3 a4 23. Ba2 Rad8 24. Rc1 Nd5 25. Bxd5 cxd5 26. c4 dxc4 27. Nxc4
Bxc4 28. Rxc4 Rxd1 29. Rxd1 Rxd1+ 30. Kh2 Bxf2 31. Rxe4 Bd4 32. Kg3 Rd3+ 33.
Kf4 Bxb2 34. Rxa4 Rxa3 35. Rb4 Bf6 36. g4 g6 {Normal} 0-1

[Event "Rated Blitz tournament JueYYkdB"]
[Site "?"]
[Date "2021.02.17"]
[Round "?"]
[White "putrazhelebess"]
[Black "Bis_Kecil_BKD"]
[Result "0-1"]
[WhiteElo "2309"]
[BlackElo "2464"]
[PlyCount "26"]
[EventDate "2021.??.??"]
[EventType "blitz"]

1. e4 e5 2. Nf3 d5 3. Nxe5 dxe4 4. d4 Nd7 5. Nxd7 Bxd7 6. Be2 Nf6 7. O-O Bd6 8.
c4 h5 9. c5 Bxh2+ 10. Kxh2 Ng4+ 11. Kg3 h4+ 12. Kf4 Qf6+ 13. Kxe4 Qf5# {Normal}
0-1

[Event "Rated Blitz game"]
[Site "?"]
[Date "2021.02.17"]
[Round "?"]
[White "koioros"]
[Black "HundimBuero"]
[Result "1-0"]
[WhiteElo "2333"]
[BlackElo "2468"]
[PlyCount "23"]
[EventDate "2021.??.??"]
[EventType "blitz"]

1. e4 d5 2. Nf3 e5 3. Nxe5 c5 4. exd5 Qxd5 5. Nf3 Qg5 6. Nxg5 Bg4 7. Qxg4 Bd6
8. Qc8+ Ke7 9. Qxb7+ Kd8 10. Nxf7+ Ke8 11. Nxd6+ Kf8 12. Qf7# {Normal} 1-0

[Event "Rated Blitz game"]
[Site "?"]
[Date "2021.02.17"]
[Round "?"]
[White "pl0xkeppa"]
[Black "DarthZannah"]
[Result "0-1"]
[WhiteElo "2360"]
[BlackElo "2503"]
[PlyCount "36"]
[EventDate "2021.??.??"]
[EventType "blitz"]

1. e4 e5 2. Nf3 d5 3. Nxe5 dxe4 4. Bc4 Qg5 5. Nxf7 Qxg2 6. Rf1 Bg4 7. Be2 Bxe2
8. Qxe2 Kxf7 9. Nc3 Nf6 10. d3 Bb4 11. dxe4 Qxe4 12. Be3 Rd8 13. a3 Bxc3+ 14.
bxc3 Nc6 15. Rb1 b6 16. Rg1 Ne5 17. Rb4 Qf3 18. Qb5 Rd1# {Normal} 0-1

[Event "Rated Blitz game"]
[Site "?"]
[Date "2021.02.17"]
[Round "?"]
[White "sewin16"]
[Black "Schachelite"]
[Result "0-1"]
[WhiteElo "2432"]
[BlackElo "2423"]
[PlyCount "38"]
[EventDate "2021.??.??"]
[EventType "blitz"]

1. e4 e5 2. Nf3 d5 3. Nc3 d4 4. Nb1 Bd6 5. Bc4 Nc6 6. d3 Na5 7. Bb3 Nxb3 8.
axb3 f5 9. exf5 Bxf5 10. Nbd2 Nf6 11. O-O O-O 12. Re1 c5 13. Nxe5 Bxe5 14. Rxe5
Ng4 15. Rxf5 Qh4 16. Rxf8+ Rxf8 17. Nf3 Qxf2+ 18. Kh1 Rxf3 19. Bd2 Qh4 {Normal}
0-1

[Event "Rated Blitz game"]
[Site "?"]
[Date "2021.02.17"]
[Round "?"]
[White "Ayosi"]
[Black "alaeldin12"]
[Result "1-0"]
[WhiteElo "2408"]
[BlackElo "2275"]
[PlyCount "83"]
[EventDate "2021.??.??"]
[EventType "blitz"]

1. e4 e5 2. Nf3 d5 3. Nxe5 Bd6 4. d4 dxe4 5. Nc4 Nf6 6. Be2 O-O 7. Nxd6 Qxd6 8.
O-O Nc6 9. c3 Ne7 10. Bg5 h6 11. Bxf6 Qxf6 12. Nd2 Qg6 13. Kh1 Nf5 14. Nxe4 Re8
15. Bd3 Nh4 16. Ng3 f5 17. Qh5 Qxh5 18. Nxh5 Be6 19. Nf4 Bf7 20. Rfe1 g5 21.
Nh3 Bd5 22. f3 g4 23. Ng1 gxf3 24. gxf3 Nxf3 25. Nxf3 Bxf3+ 26. Kg1 Be4 27.
Bxe4 fxe4 28. Kf2 Re7 29. Ke3 Rf8 30. Rf1 Rxf1 31. Rxf1 Kg7 32. Rf4 Kg6 33.
Rxe4 Rxe4+ 34. Kxe4 Kg5 35. d5 b5 36. b3 Kg4 37. c4 bxc4 38. bxc4 Kg5 39. Ke5
Kg6 40. Ke6 a5 41. c5 a4 42. d6 {Normal} 1-0

[Event "Rated Blitz tournament tmvJOJHY"]
[Site "?"]
[Date "2021.02.17"]
[Round "?"]
[White "DanOF"]
[Black "Grimlock_Glasgow"]
[Result "0-1"]
[WhiteElo "2379"]
[BlackElo "2573"]
[PlyCount "90"]
[EventDate "2021.??.??"]
[EventType "blitz"]

1. e4 e5 2. Nf3 d5 3. exd5 Bd6 4. Nc3 Nf6 5. Bb5+ c6 6. dxc6 Nxc6 7. d3 O-O 8.
Bg5 Nd4 9. Nxd4 exd4 10. Ne4 Qa5+ 11. Qd2 Qxb5 12. Bxf6 gxf6 13. Qh6 Qe5 14. f4
Qe6 15. O-O-O Be7 16. Ng3 f5 17. Qh5 Qg6 18. Qf3 Be6 19. Kb1 Rfc8 20. Rhe1 Bd6
21. h4 b5 22. h5 Qg4 23. Qxg4+ fxg4 24. Re4 Bc5 25. f5 Bd5 26. Rxg4+ Kf8 27. f6
Rc6 28. Rf1 Re8 29. b3 Ba3 30. Rgf4 Rce6 31. Rd1 Re1 32. Rf1 Rxd1+ 33. Rxd1 Re3
34. Nf5 Re2 35. Ng3 Rxg2 36. Nf1 Bf3 37. Re1 Bb4 38. Rc1 Rg1 39. c3 Bxc3 40.
Kc2 Be2 41. Ng3 Rxg3 42. b4 Rg2 43. Kb3 Bxd3 44. a4 Bc4+ 45. Ka3 Ra2# {Normal}
0-1

[Event "Rated Blitz game"]
[Site "?"]
[Date "2021.02.17"]
[Round "?"]
[White "Cranmobbed"]
[Black "Schachelite"]
[Result "1-0"]
[WhiteElo "2385"]
[BlackElo "2410"]
[PlyCount "45"]
[EventDate "2021.??.??"]
[EventType "blitz"]

1. e4 e5 2. Nf3 d5 3. exd5 e4 4. Ne5 Qxd5 5. d4 exd3 6. Nxd3 Nf6 7. Nc3 Qf5 8.
Be2 Bd6 9. h3 O-O 10. Be3 Nc6 11. Qd2 Nd5 12. Bg4 Nxe3 13. Bxf5 Nxf5 14. O-O-O
Be6 15. Ne4 Be7 16. Kb1 Rfd8 17. g4 Nfd4 18. Qe3 a5 19. f4 Bd5 20. Rhf1 Re8 21.
Ne5 Bc5 22. Nxc5 Nxe5 23. Qxd4 {Normal} 1-0

[Event "Rated Blitz game"]
[Site "?"]
[Date "2021.02.17"]
[Round "?"]
[White "kirill_kopyonkin"]
[Black "Monkey_King"]
[Result "0-1"]
[WhiteElo "2574"]
[BlackElo "2588"]
[PlyCount "74"]
[EventDate "2021.??.??"]
[EventType "blitz"]

1. e4 e5 2. Nf3 d5 3. exd5 e4 4. Qe2 Nf6 5. Nc3 Be7 6. Nxe4 O-O 7. Nxf6+ Bxf6
8. Qd1 Re8+ 9. Be2 Qxd5 10. O-O c5 11. Re1 Nc6 12. d3 b6 13. c3 Bb7 14. Be3
Rad8 15. Qb3 Qf5 16. Rad1 g5 17. d4 g4 18. Ne5 Bxe5 19. dxe5 Nxe5 20. Qa4 Bc6
21. Qf4 Qxf4 22. Bxf4 Rxd1 23. Rxd1 Nf3+ 24. gxf3 Rxe2 25. fxg4 Rxb2 26. Be5 f6
27. Bxf6 Rxa2 28. h4 a5 29. h5 a4 30. h6 Kf7 31. g5 Be4 32. Re1 Bf5 33. c4 Rc2
34. Re7+ Kg6 35. Rg7+ Kh5 36. Rb7 Kg4 37. Rxb6 Kh3 {Time forfeit} 0-1

[Event "Rated Blitz game"]
[Site "?"]
[Date "2021.02.17"]
[Round "?"]
[White "Lector118"]
[Black "Herabi"]
[Result "1/2-1/2"]
[WhiteElo "2527"]
[BlackElo "2359"]
[PlyCount "122"]
[EventDate "2021.??.??"]
[EventType "blitz"]

1. e4 e5 2. Nf3 d5 3. Nxe5 Bd6 4. d4 dxe4 5. Nc3 Bxe5 6. dxe5 Qxd1+ 7. Kxd1 Bf5
8. Bc4 Nc6 9. Bb5 O-O-O+ 10. Ke1 Nxe5 11. Be3 Nf6 12. Rd1 a6 13. Be2 Bg4 14. h3
Bxe2 15. Kxe2 Nc4 16. Bc1 Rhe8 17. b3 Nd6 18. Bg5 h6 19. Bxf6 gxf6 20. Nd5 f5
21. Nf4 Nb5 22. Rxd8+ Rxd8 23. Ke3 Nd4 24. Rc1 Ne6 25. g3 Nxf4 26. Kxf4 Rd2 27.
Kxf5 Rxf2+ 28. Kxe4 Kd7 29. a4 Ke6 30. c4 f5+ 31. Ke3 Rb2 32. Rc3 Ke5 33. Kf3
c6 34. Rd3 Kf6 35. h4 Ke5 36. a5 Ra2 37. Rd7 Rxa5 38. Rxb7 Ra3 39. Kg2 f4 40.
Rb6 h5 41. Rxc6 fxg3 42. Rb6 Kf4 43. b4 Ra2+ 44. Kg1 Rc2 45. c5 Kf3 46. Rf6+
Kg4 47. Rxa6 Kxh4 48. Rf6 Kh3 49. c6 Rc1+ 50. Rf1 Rxc6 51. b5 Rb6 52. Rb1 h4
53. Rb4 Rd6 54. Rb1 Rb6 55. Rb4 Rf6 56. Rb1 Rf2 57. b6 Rg2+ 58. Kh1 Rh2+ 59.
Kg1 Rg2+ 60. Kh1 Rh2+ 61. Kg1 Rg2+ {Normal} 1/2-1/2

[Event "Rated Blitz game"]
[Site "?"]
[Date "2021.02.17"]
[Round "?"]
[White "Partake"]
[Black "Chesspirate_Channel"]
[Result "1-0"]
[WhiteElo "2585"]
[BlackElo "2401"]
[PlyCount "51"]
[EventDate "2021.??.??"]
[EventType "blitz"]

1. e4 e5 2. Nf3 d5 3. Nxe5 Bd6 4. d4 dxe4 5. Bc4 Bxe5 6. Qh5 Qe7 7. Qxe5 Qxe5
8. dxe5 Nc6 9. Nc3 Nxe5 10. Bb3 Ng6 11. Nxe4 Bd7 12. Bd2 Bc6 13. Ng5 Nh6 14.
O-O O-O-O 15. Bc3 f6 16. Ne6 Rd7 17. Nc5 Re7 18. g3 Rhe8 19. Rad1 Re5 20. Bxe5
Nxe5 21. Bd5 Nf3+ 22. Bxf3 Bxf3 23. Rfe1 Rf8 24. Rd3 Bc6 25. Ne6 Re8 26. Red1 {
Normal} 1-0

[Event "Rated Blitz game"]
[Site "?"]
[Date "2021.02.17"]
[Round "?"]
[White "joseag1303"]
[Black "Schachelite"]
[Result "1/2-1/2"]
[WhiteElo "2400"]
[BlackElo "2400"]
[PlyCount "126"]
[EventDate "2021.??.??"]
[EventType "blitz"]

1. e4 e5 2. Nf3 d5 3. exd5 e4 4. Qe2 Nf6 5. d3 Qxd5 6. Nc3 Bb4 7. Nd2 Bxc3 8.
bxc3 Be6 9. Nxe4 Nxe4 10. dxe4 Qa5 11. Qb5+ Qxb5 12. Bxb5+ c6 13. Bd3 Nd7 14.
O-O O-O-O 15. Be3 a6 16. f4 f6 17. a4 Rhe8 18. h3 Bf7 19. Rfe1 Kc7 20. a5 Re7
21. e5 fxe5 22. Bxh7 g6 23. f5 gxf5 24. Bg5 Rh8 25. Bxe7 Rxh7 26. Rad1 Bd5 27.
c4 Be4 28. Bd6+ Kc8 29. g4 Bf3 30. Rd3 Rxh3 31. Bxe5 fxg4 32. Kf2 Nxe5 33. Rxe5
Rh2+ 34. Kg3 Rxc2 35. Re7 Rxc4 36. Rd6 Ra4 37. Rf6 Kb8 38. Rf8+ Ka7 39. Re5 Rb4
40. Re7 Rb5 41. Rff7 c5 42. Kf4 Rxa5 43. Ke5 c4+ 44. Kd4 Ra4 45. Kc3 a5 46. Rg7
Rb4 47. Re5 Ka6 48. Rgg5 b6 49. Rg8 a4 50. Ra8+ Kb7 51. Kxb4 Kxa8 52. Kxa4 Kb7
53. Rg5 c3 54. Kb3 c2 55. Kxc2 b5 56. Kc3 Kc6 57. Kb4 Kd6 58. Rg6+ Ke5 59. Rg8
Kf4 60. Kxb5 Kg3 61. Rxg4+ Kf2 62. Rf4 Ke3 63. Rxf3+ Ke4 {Time forfeit} 1/2-1/2